Sudden Death: Workers at WWE Elimination Chamber 2025 - Statistics

General Stats
  • This quiz has been taken 280 times
  • The average score is 11 of 20
Answers on the Grid
Answers color-coded by a green-red scale on the quiz's grid according to % correct below.
Alexa Bliss
Bayley
Bianca Belair
Candice LeRae
CM Punk
Damian Priest
Drew Mcintyre
Indi Hartwell
Jey Uso
John Cena
Kevin Owens
Liv Morgan
Logan Paul
Naomi
Nia Jax
Quavo
Raquel Rodriguez
Rey Mysterio
Roman Reigns
Roxanne Perez
Sami Zayn
Seth Rollins
The Rock
Tiffany Stratton
Travis Scott
Triple H
Trish Stratus
 
Answer Stats
Answer % Correct
CM Punk
81%
John Cena
75%
Alexa Bliss
73%
Drew Mcintyre
71%
Bianca Belair
69%
Damian Priest
67%
Logan Paul
64%
Liv Morgan
60%
Bayley
59%
Seth Rollins
52%
Naomi
51%
The Rock
48%
Roxanne Perez
45%
Kevin Owens
43%
Tiffany Stratton
42%
Travis Scott
42%
Nia Jax
39%
Sami Zayn
38%
Trish Stratus
38%
Candice LeRae
36%
No matching quizzes found
Score Distribution
Percent of People with Each Score
Percentile by Number Answered
Your Score History
You have not taken this quiz